000 00402nam a2200157Ia 4500
008 151213s9999 xx 000 0 und d
020 _a08220-1255-3
100 _aChaeles Dickens
245 _aA Tale Of Two Cities ( Note )
_cChaeles Dickens
260 _aNew York
_bPenguing Books
_c1983
300 _a7332 p.
650 _aEnglish
650 _aEnglish
700 _aChaeles Dickens
999 _c3898
_d3898